Modelo de consejo marital basado en solución de conflictos y reforzamiento recíproco /
Guía, sesión por sesión, del Programa de Consejo Marital, para parejas que se encuentran insatisfechas con su relación, de la evaluación inicial a la final, pasando por el entrenamiento en solución de conflictos y en reforzamiento recíproco.
Gespeichert in:
| Weitere Verfasser: | |
|---|---|
| Format: | Buch |
| Sprache: | Spanisch |
| Veröffentlicht: |
México :
Miguel Angel Porrúa : UNAM, Facultad de Psicología,
1998, c1998
|
| Schlagworte: | |
| Tags: |
Keine Tags, Fügen Sie das erste Tag hinzu!
|
MARC
| LEADER | 00000nam^a2200000^a^4500 | ||
|---|---|---|---|
| 001 | 000154412 | ||
| 005 | 20250521000000.0 | ||
| 009 | 20260310100354.508 | ||
| 020 | |a 968-842-843-4 | ||
| 037 | |a Acervo ITESO - Biblioteca | ||
| 041 | |a ESP | ||
| 082 | |a 616. 89148 |b MOD | ||
| 245 | 0 | 0 | |a Modelo de consejo marital basado en solución de conflictos y reforzamiento recíproco / |c L. Barragán Torres... [et al.]. |
| 264 | 4 | |a México : |b Miguel Angel Porrúa : |b UNAM, Facultad de Psicología, |c 1998, c1998 | |
| 300 | |a 76 p. | ||
| 336 | |a texto |b txt |2 rdacontenido | ||
| 337 | |a sin mediación |b n |2 rdamedio | ||
| 338 | |a volumen |b nc |2 rdasoporte | ||
| 520 | |a Guía, sesión por sesión, del Programa de Consejo Marital, para parejas que se encuentran insatisfechas con su relación, de la evaluación inicial a la final, pasando por el entrenamiento en solución de conflictos y en reforzamiento recíproco. | ||
| 649 | |a XX | ||
| 650 | |a Relaciones de Pareja | ||
| 650 | |a Relaciones Familiares | ||
| 650 | |a Familia - |x Condiciones Psicológicas | ||
| 650 | |a Solución de Problemas | ||
| 650 | |a Modificación de Conducta | ||
| 650 | |a Psicoterapia de Pareja | ||
| 650 | |a Psicología Clínica | ||
| 700 | |a Barragán Torres, Lydia |e (autor) | ||
| 910 | |a Fondo General | ||
| 920 | |a Impresos - Libros | ||
| 930 | |a Colección General | ||
| 905 | |a 101 | ||
| 901 | |a 0500085915 |b IT1 |c ACC |u 20250521 | ||
| 902 | |a https://opac.biblio.iteso.mx/vufind/Record/000154412 | ||